000 01016nam a2200253 a 4500
001 000019314
005 20250701132841.0
008 100624s1965 mx r 000 0 spa d
040 _aDO-SdBNP
_bspa
_cBNPHU
082 _a338.9
_bC986d
100 1 _aCushman Coyle, David
_941541
245 1 0 _aDesarrollo nacional y su funcionamiento :
_bEstudio de como la ciencia y la tecnología occidentales pueden ayudar a los países pobres del mundo a alcanzar su desarrollo económico /
_cDavid Cushman Coyle ; traducción Francisco Gómez Palacio.
260 _aMéxico D. F. :
_bUnión tipográfica Editorial Hispanoamericana,
_c1965.
300 _a238 p. ;
_c18 cm.
490 1 _aEconomía
500 _aIncluye índice alfabético.
650 0 _aDesarrollo económico
_985548
650 0 _aPolítica económica
_984931
650 4 _aCrecimiento económico
_98530
650 4 _aDesarrollo económico y social
_97372
700 1 _aGómez Palacio, Francisco,
_etr.
_941542
830 0 _aEconomía
_92914
049 _aBNGR
999 _c18832
_d18832